Statistics for Two Letter Geography A-Z

Click here to take the quiz!

General Stats

  • This quiz has been taken 46 times
  • The average score is 22 of 26

Answer Stats

HintAnswer% Correct
River of Turin, or a stream in VirginiaPo
96%
Siberian riverOb
91%
A Chinese word for "river," especially as in 黃河 (Huáng __)
89%
Chinese word for "west," as in 西安 (__'an) or 广西 (Guang__)
89%
Estonian village that follows only places named Å in (English) alphabetical orderAa
87%
North Korean islandKa
87%
Some fictional knights might say the name of this river in VirginiaNi
87%
Shang Dynasty feudal state; now a county of Kaifeng, ChinaQi
87%
Washington state's Mount __Si
87%
River in Virginia that joins the Mat and two previous answers in this column to form the Mattaponi RiverTa
87%
Ancient city of Mesopotamia; now an archaeological site in IraqUr
87%
Venetian comune where one of Europe's earliest COVID-19 outbreaks occurredVo'
87%
A type of administrative division introduced by the Tang Dynasty; the only ones now are Osaka and KyotoFu
84%
Traditional polity in modern Ghana and the name of Accra in the local language
84%
Indigenous language family and people group of Brazil
84%
Another tributary of the Red River
84%
Tributary of the Irrawaddy, entering just downstream from MandalayMu
84%
__ State, an autonomous region of Myanmar and de facto independent stateWa
84%
__ Shan or Mount __, Taiwan's highest pointYu
84%
Town in Trøndelag whose name just means "town" in Norwegian
By
82%
Another name for Vietnam's Lam RiverCả
82%
Tributary of Hanoi's Red RiverĐà
82%
Coastal town in the Basque Country, or an Old English word for "river"Ea
82%
Ile de __, a holiday destination in France
82%
Ethnic group of India, Myanmar, and Bangladesh, or an associated languageZo
82%
The name of multiple volcanoes in Japan; from the word for "sulfur"
80%

Score Distribution

Percentile by Number Answered

Percent of People with Each Score

Your Score History

You have not taken this quiz